000 02618nam a2200349 i 4500
001 195599
003 ES-MaACL
005 20250714063120.0
008 240626b2024 sp ||||| |||| 00| 0 spa d
017 _aB 7183-2024
_bOficina Depósito Legal Barcelona
020 _a9788467071733
040 _bspa
_cES-MaACL
100 _aLandaluce, Emilia
_9237215
_eaut
245 _aDonde caiga la flecha /
_cEmilia Landaluce, Rosa Belmonte.
250 _aPrimera edición: mayo 2024
260 _aBarcelona :
_bEditorial Planeta,
_c2024.
300 _a355 páginas ;
_c23 cm
336 _2rdacontent
_atexto
337 _2rdamedia
_asin mediación
338 _2rdacarrier
_avolumen
520 _aEsta novela ofrece una nueva entrega de las peripecias de Socorro, la periodista de sucesos protagonista de La mala víctima, la primera incursión en la narrativa de las autoras. La intriga tiene su epicentro en la finca manchega de sus protectoras, las millonarias e influyentes hermanas Lequerica, dueñas del periódico donde trabaja Socorro. La joven tiene que volver a ese lugar para completar un reportaje sobre crímenes sin resolver: en los años noventa, muy cerca de la finca, fueron secuestradas y después asesinadas dos niñas, lo que provocó una marea de morbo alimentada por los medios de la época. Solo fue condenado por ese crimen un hombre, el tonto del pueblo, que se suicidó nada más salir de la cárcel. En el aire quedó la sospecha de que los verdaderos culpables consiguieron escapar. Mientras Socorro avanza con sus pesquisas, las Lequerica organizan varias cacerías en la que se dan cita algunos de los más poderosos hombres de negocios del país. Durante toda la temporada, van sucediéndose hechos que arrojarán luz sobre aquel crimen del pasado y muchas sombras sobre el presente del periódico. De nuevo, el código ético de Socorro, las deudas pendientes con su pasado y su afán por descubrir la verdad entrarán en conflicto.
700 _aBelmonte, Rosa
_eaut
_9238864
852 _aES-MaACL
_cDEPOJ
_jN-10078
_gDedicatorias autógrafas de las autoras
_hDonación: Emilia Landaluce; Rosa Belmonte
_xEncuadernación rústica con solapas
_9206213
903 _9237215
_aLandaluce, Emilia
_ednr
903 _aBelmonte, Rosa
_ednr
942 _cMONOGRAFIA
_n0
999 _c195599
_d195599